000 00719nam a22002057a 4500
005 20170213153735.0
010 _aENG-117230
020 _a9789386062314
_c750.00
035 _aEN-100762
037 _bDBAD/PUB
082 0 0 _a371.1024
100 1 _a Pinto, Laura E.
245 1 0 _aFrom discipline to culturally responsive engagement :
_cby Laura E.Pinto,
_b45 classroom management strategies /
260 _a New Delhi
_bSAGE Publications,
_c2017
270 _aB1/I-1 Mohan Cooperative Industrial Area, Mathura Road
_b New Delhi
_e110044
300 _axxi,260p.
_c22 cm.(pbk)
504 _aIncludes references and index.
942 _2ddc
_cEN
_h371.1024
_mPIN
999 _c137560
_d137560